Welcome to CU Library Online Public Access Catalogue (OPAC)

INTERNATIONAL ACCOUNTING (Record no. 8725)

MARC details
000 -LEADER
fixed length control field 00411nam a2200181 4500
005 - DATE AND TIME OF LATEST TRANSACTION
control field 20260216152146.0
008 - FIXED-LENGTH DATA ELEMENTS--GENERAL INFORMATION
fixed length control field CUC123
020 ## - INTERNATIONAL STANDARD BOOK NUMBER
International Standard Book Number 186152384X
050 ## - LIBRARY OF CONGRESS CALL NUMBER
Classification number HF5625 WAL
Item number 1
100 ## - MAIN ENTRY--PERSONAL NAME
Personal name WALTON, PETER
245 ## - TITLE STATEMENT
Title INTERNATIONAL ACCOUNTING
260 ## - PUBLICATION, DISTRIBUTION, ETC.
Place of publication, distribution, etc. AUSTRALIA
Name of publisher, distributor, etc. THOMSON
Date of publication, distribution, etc. 1998
300 ## - PHYSICAL DESCRIPTION
Extent Xiv,458p
500 ## - GENERAL NOTE
General note index,
700 ## - ADDED ENTRY--PERSONAL NAME
Personal name HAILER, AXEL
700 ## - ADDED ENTRY--PERSONAL NAME
Personal name RAFFOURNIER, BERNARD
942 ## - ADDED ENTRY ELEMENTS (KOHA)
Source of classification or shelving scheme Library of Congress Classification
Koha item type Books
Suppress in OPAC No
999 ## -
-- 8725
-- 8725
Holdings
Withdrawn status Lost status Source of classification or shelving scheme Damaged status Not for loan Collection Home library Current library Shelving location Date acquired Total checkouts Full call number Barcode Date last seen Copy number Price effective from Koha item type Public note
    Library of Congress Classification     Non-fiction Graduate Library (Christ Temple) Graduate Library (Christ Temple) General stacks 02/16/2026   HF5625 WAL GSCT00002513 02/16/2026 1 02/16/2026 Books EAQ
    Library of Congress Classification     Non-fiction Graduate Library (Christ Temple) Graduate Library (Christ Temple) General stacks 02/16/2026   HF5625 WAL GSCT00002514 02/16/2026 2 02/16/2026 Books EAQ
    Library of Congress Classification     Non-fiction Graduate Library (Christ Temple) Graduate Library (Christ Temple) General stacks 02/16/2026   HF5625 WAL GSCT00002515 02/16/2026 3 02/16/2026 Books EAQ
© 2023-2024 Copyright: Central University Libraries. All Rights Reserved | Created by: Mahone Tech Office